[Event "Olympiad Women-44"]
[Site "Chennai"]
[Date "2022.08.02"]
[Round "5.4"]
[White "Eizaguerri Floris, Maria"]
[Black "Rodriguez Rueda, Paula Andrea"]
[Result "1/2-1/2"]
[WhiteElo "2176"]
[BlackElo "2237"]
[PlyCount "112"]
[EventDate "2022.07.29"]
[EventType "team-swiss"]
[EventRounds "11"]
[EventCountry "IND"]
[SourceTitle "CBM 210"]
[Source "ChessBase"]
[SourceDate "2022.10.31"]
[SourceVersion "1"]
[SourceVersionDate "2022.10.31"]
[SourceQuality "1"]
[WhiteTeam "Spain (W)"]
[BlackTeam "Colombia (W)"]
[WhiteTeamCountry "ESP"]
[BlackTeamCountry "COL"]

1. e4 c5 2. Nf3 d6 3. d4 cxd4 4. Nxd4 Nf6 5. Nc3 a6 6. Bg5 e6 7. f4 Be7 8. Qf3 Qc7 9. 0-0-0 Nbd7 10. g4 h6 11. Bxf6 Nxf6 12. h4 b5 13. g5 hxg5 14. hxg5 Rxh1 15. Qxh1 Ng8 16. Qh8 Kf8 17. g6 b4 18. Nce2 Bf6 19. Bh3 e5 20. fxe5 dxe5 21. Nf5 fxg6 22. Nd6 Bxh3 23. Qxh3 Rd8 24. Qe6 Qe7 25. Qd5 Nh6 26. c4 bxc3 27. Nxc3 Nf7 28. Qxf7+ Qxf7 29. Nxf7 Rxd1+ 30. Kxd1 Kxf7 31. Nd5 a5 32. Ke2 Bd8 33. b4 axb4 34. Nxb4 Ke6 35. Nd3 Kd6 36. Kd2 Bg5+ 37. Ke2 Bf6 38. Kd2 Kc6 39. Kc3 Kb5 40. Kb3 g5 41. Nf2 Bd8 42. Kc3 Bb6 43. Ng4 Bd4+ 44. Kb3 Kc5 45. a4 Ba1 46. a5 Kb5 47. a6 Kxa6 48. Kc4 Kb6 49. Kd5 Kc7 50. Nxe5 Bxe5 51. Kxe5 g6 52. Kf6 g4 53. e5 g3 54. e6 g2 55. e7 g1Q 56. e8Q g5 1/2-1/2

[Event "Olympiad Women-44"]
[Site "Chennai"]
[Date "2022.08.01"]
[Round "4.4"]
[White "Nunez Giler, Fanny Cecilia"]
[Black "Rodriguez Rueda, Paula Andrea"]
[Result "0-1"]
[WhiteElo "1660"]
[BlackElo "2237"]
[PlyCount "100"]
[EventDate "2022.07.29"]
[EventType "team-swiss"]
[EventRounds "11"]
[EventCountry "IND"]
[SourceTitle "CBM 210"]
[Source "ChessBase"]
[SourceDate "2022.10.31"]
[SourceVersion "1"]
[SourceVersionDate "2022.10.31"]
[SourceQuality "1"]
[WhiteTeam "Ecuador (W)"]
[BlackTeam "Colombia (W)"]
[WhiteTeamCountry "ECU"]
[BlackTeamCountry "COL"]

1. e4 c5 2. Nf3 d6 3. d4 cxd4 4. Nxd4 Nf6 5. f3 e5 6. Bb5+ Nbd7 7. Nb3 Be7 8. Bg5 0-0 9. Nc3 Nb6 10. Qd2 h6 11. Bxf6 Bxf6 12. 0-0 Bg5 13. Qd3 Be6 14. Qe2 Rc8 15. Rfd1 Qc7 16. Qf2 a6 17. Bd3 Rfd8 18. Kh1 Nc4 19. Bxc4 Bxc4 20. Nd2 Be6 21. Nf1 b5 22. a3 Rd7 23. h4 Bd8 24. Rd2 Qc6 25. Rad1 Ba5 26. Ne3 Bxc3 27. bxc3 Qxc3 28. Rd3 Qa5 29. Qd2 Qxd2 30. R3xd2 Rc3 31. Rd3 Rdc7 32. R1d2 Rxd3 33. Rxd3 Rc6 34. Kg1 Kf8 35. Kf2 Ke7 36. g3 g6 37. f4 f5 38. Kf3 Kf6 39. g4 fxg4+ 40. Nxg4+ Bxg4+ 41. Kxg4 Ke6 42. f5+ gxf5+ 43. exf5+ Kf6 44. c3 Rc4+ 45. Kh5 Kxf5 46. Rxd6 e4 47. Rxa6 e3 48. Ra8 e2 49. Rf8+ Ke4 50. Kxh6 Ke3 0-1

[Event "Olympiad Women-44"]
[Site "Chennai"]
[Date "2022.07.30"]
[Round "2.3"]
[White "Rodriguez Rueda, Paula Andrea"]
[Black "Lampard, Alice"]
[Result "1-0"]
[WhiteElo "2237"]
[BlackElo "1729"]
[PlyCount "93"]
[EventDate "2022.07.29"]
[EventType "team-swiss"]
[EventRounds "11"]
[EventCountry "IND"]
[SourceTitle "CBM 210"]
[Source "ChessBase"]
[SourceDate "2022.10.31"]
[SourceVersion "1"]
[SourceVersionDate "2022.10.31"]
[SourceQuality "1"]
[WhiteTeam "Colombia (W)"]
[BlackTeam "Scotland (W)"]
[WhiteTeamCountry "COL"]
[BlackTeamCountry "SCO"]

1. d4 Nf6 2. c4 g6 3. Nf3 Bg7 4. g3 d5 5. cxd5 Nxd5 6. Bg2 0-0 7. 0-0 Nc6 8. Nc3 Nxc3 9. bxc3 Bd7 10. e4 a6 11. Bg5 Na5 12. Qc1 Re8 13. Rb1 Qc8 14. Re1 Nc4 15. e5 Bc6 16. Nd2 Bxg2 17. Kxg2 Qe6 18. Kg1 b6 19. Nxc4 Qxc4 20. Qa3 f6 21. Bf4 g5 22. Be3 Rad8 23. Rb4 Qd3 24. e6 Rd6 25. Bc1 a5 26. Rb2 Kh8 27. Qb3 Red8 28. Rd2 Qf5 29. Rde2 Bf8 30. Qc4 Qd5 31. Qxc7 Rc6 32. Qb7 Rxc3 33. Qxb6 Rc4 34. Bd2 Qxd4 35. Qxd4 Rdxd4 36. Bxa5 Bg7 37. Rb2 Rc8 38. Rb7 Bf8 39. Bb4 Re8 40. a4 Rdd8 41. Rc1 Ra8 42. a5 Ra6 43. Rb6 Ra7 44. Rd1 Rc8 45. Rd7 Rcc7 46. Rb8 Kg7 47. Rdd8 1-0

[Event "COL-ch (Women)"]
[Site "Cali"]
[Date "2021.09.17"]
[Round "7"]
[White "Argote Heredia, Valentina"]
[Black "Rodriguez Rueda, Paula Andrea"]
[Result "0-1"]
[WhiteElo "2202"]
[BlackElo "2255"]
[PlyCount "75"]
[EventDate "2021.09.14"]
[EventType "tourn"]
[EventRounds "11"]
[EventCountry "COL"]
[SourceTitle "CBM 204 Extra"]
[Source "ChessBase"]
[SourceDate "2021.11.30"]
[SourceVersion "1"]
[SourceVersionDate "2021.11.30"]
[SourceQuality "1"]

1. e4 c5 2. Nf3 d6 3. d4 cxd4 4. Nxd4 Nf6 5. Nc3 a6 6. Bg5 Nbd7 7. f4 Qb6 8. Qd2 h6 9. Bxf6 Nxf6 10. 0-0-0 e5 11. Nf3 Be7 12. f5 Bd7 13. Bd3 Bc6 14. Kb1 0-0 15. g4 d5 16. g5 hxg5 17. Nxg5 Bb4 18. exd5 Nxd5 19. Nxd5 Bxd5 20. c3 Bxh1 21. Rxh1 Ba3 22. Ka1 Bxb2+ 23. Qxb2 Qe3 24. Ne4 Qxd3 25. Qg2 f6 26. Rg1 Rf7 27. Nxf6+ Kf8 28. Ne4 Rd8 29. h4 b5 30. h5 b4 31. h6 bxc3 32. hxg7+ Kg8 33. Qh1 Rxg7 34. Rxg7+ Kxg7 35. Qg1+ Kf8 36. Qc5+ Kf7 37. Ng5+ Kg8 38. f6 0-1

[Event "COL-ch (Women)"]
[Site "Cali"]
[Date "2021.09.14"]
[Round "1"]
[White "Castrillon Gomez, Melissa"]
[Black "Rodriguez Rueda, Paula Andrea"]
[Result "1-0"]
[WhiteElo "2212"]
[BlackElo "2255"]
[PlyCount "125"]
[EventDate "2021.09.14"]
[EventType "tourn"]
[EventRounds "11"]
[EventCountry "COL"]
[SourceTitle "CBM 204 Extra"]
[Source "ChessBase"]
[SourceDate "2021.11.30"]
[SourceVersion "1"]
[SourceVersionDate "2021.11.30"]
[SourceQuality "1"]

1. d4 Nf6 2. c4 e6 3. g3 Bb4+ 4. Bd2 Be7 5. Bg2 0-0 6. Nf3 d5 7. 0-0 dxc4 8. Qc2 a6 9. Qxc4 b5 10. Qc2 Bb7 11. Rc1 Nc6 12. e3 Nd5 13. a3 Rc8 14. Nc3 Nb6 15. Ne5 Nxe5 16. Bxb7 Rb8 17. Be4 Ng6 18. Nb1 f5 19. Bg2 Bd6 20. Bb4 Qe7 21. Nd2 Kh8 22. Nb3 Nc4 23. Na5 Nxa5 24. Bxa5 Rf7 25. Qc6 e5 26. Bd5 Rf6 27. Bxc7 Bxc7 28. Qxc7 Qxc7 29. Rxc7 exd4 30. exd4 Rd8 31. Bb7 f4 32. Re1 h6 33. d5 Rdf8 34. Rc6 a5 35. Rce6 b4 36. axb4 axb4 37. d6 Rd8 38. Re8+ Rf8 39. Rxf8+ Nxf8 40. Rd1 g5 41. Bc6 fxg3 42. hxg3 Nd7 43. Bxd7 Rxd7 44. Kg2 Kg7 45. Kf3 Kf6 46. Ke4 Ke6 47. Rh1 Rh7 48. Rd1 Kd7 49. Ke5 h5 50. Rc1 Rh6 51. Rc7+ Kd8 52. Rg7 h4 53. Rg8+ Kd7 54. Rg7+ Kd8 55. gxh4 gxh4 56. Kd5 h3 57. Kc6 Ke8 58. Re7+ Kf8 59. Re1 h2 60. Rh1 Ke8 61. Kc7 Rh7+ 62. Kc8 Rh8 63. Rxh2 1-0

[Event "COL-ch sf (Women)"]
[Site "Santa Rosa"]
[Date "2021.08.13"]
[Round "3"]
[White "Rodriguez Rueda, Paula Andrea"]
[Black "Pachon Gutierrez, Adriana Paola"]
[Result "1-0"]
[WhiteElo "2257"]
[BlackElo "1993"]
[PlyCount "45"]
[EventDate "2021.08.12"]
[EventType "swiss"]
[EventRounds "9"]
[EventCountry "COL"]
[SourceTitle "CBM 204 Extra"]
[Source "ChessBase"]
[SourceDate "2021.11.30"]
[SourceVersion "1"]
[SourceVersionDate "2021.11.30"]
[SourceQuality "1"]

1. d4 b6 2. e4 Bb7 3. Bd3 e6 4. Nf3 d5 5. e5 c5 6. c3 Qd7 7. 0-0 Ba6 8. dxc5 bxc5 9. c4 Ne7 10. Qe2 Nbc6 11. cxd5 Bxd3 12. Qxd3 exd5 13. Nc3 Nb4 14. Qd1 Rd8 15. a3 Na6 16. e6 Qxe6 17. Re1 Qc8 18. Qa4+ Rd7 19. Ne5 Nb8 20. Nxd5 f6 21. Nxd7 Qxd7 22. Nxe7 Kf7 23. Qb3+ 1-0

[Event "American Continental (Women) 11th"]
[Site "Envigado"]
[Date "2018.11.20"]
[Round "6"]
[White "Perez Rodriguez, Jennifer"]
[Black "Rodriguez Rueda, Paula Andrea"]
[Result "1-0"]
[WhiteElo "2203"]
[BlackElo "2275"]
[PlyCount "92"]
[EventDate "2018.11.17"]
[EventType "swiss"]
[EventRounds "9"]
[EventCountry "COL"]
[SourceTitle "CBM 187 Extra"]
[Source "ChessBase"]
[SourceDate "2018.11.04"]
[SourceVersion "1"]
[SourceVersionDate "2018.11.04"]
[SourceQuality "1"]

1. e4 c5 2. Nf3 d6 3. c3 Nf6 4. Be2 Bd7 5. d3 e6 6. 0-0 Be7 7. Re1 0-0 8. Bf1 Bc6 9. Nbd2 d5 10. e5 Ne8 11. d4 c4 12. Re3 Nd7 13. Ne1 g6 14. Qg4 Ng7 15. f4 f6 16. Nc2 b5 17. exf6 Nxf6 18. Qe2 Bd7 19. g3 Bd6 20. Bh3 Kh8 21. Qg2 Nfh5 22. Nf3 Qb6 23. Bd2 a5 24. a3 b4 25. axb4 axb4 26. Rxa8 Rxa8 27. Nxb4 Ra1+ 28. Re1 Rxe1+ 29. Bxe1 Nf6 30. Kh1 Nf5 31. Qg1 Qa7 32. g4 Ng7 33. Ne5 Be8 34. Bg3 Ne4 35. Nc2 Qa2 36. Qc1 Qa7 37. Bg2 Nxg3+ 38. hxg3 Bxe5 39. fxe5 Qe7 40. Qf4 Bf7 41. Ne3 g5 42. Qf1 Qa7 43. Qf6 Qa1+ 44. Kh2 Bg8 45. Nxd5 exd5 46. Qf5 Qxb2 1-0

[Event "COL-ch (Women)"]
[Site "Bogota"]
[Date "2018.11.12"]
[Round "9"]
[White "Suarez Ardila, Luisa Maria"]
[Black "Rodriguez Rueda, Paula Andrea"]
[Result "1/2-1/2"]
[WhiteElo "1415"]
[BlackElo "2275"]
[PlyCount "120"]
[EventDate "2018.11.06"]
[EventType "swiss"]
[EventRounds "9"]
[EventCountry "COL"]
[SourceTitle "CBM 187 Extra"]
[Source "ChessBase"]
[SourceDate "2018.11.04"]
[SourceVersion "1"]
[SourceVersionDate "2018.11.04"]
[SourceQuality "1"]

1. e4 c5 2. Nf3 d6 3. d4 cxd4 4. Nxd4 Nf6 5. Nc3 a6 6. Be3 e6 7. Be2 Be7 8. 0-0 0-0 9. f4 Qc7 10. f5 Nc6 11. Rf3 b5 12. a3 Kh8 13. Qd2 Bd7 14. Raf1 Nxd4 15. Bxd4 e5 16. Be3 Bc6 17. Bd3 Qb7 18. Bg5 Rad8 19. Bxf6 Bxf6 20. Rh3 d5 21. exd5 Bxd5 22. Nxd5 Qxd5 23. Qb4 Rfe8 24. Be4 Qd4+ 25. Qxd4 exd4 26. Bb7 Rd6 27. Rd3 h6 28. c3 Re2 29. Rf2 Re7 30. Bf3 Red7 31. Rfd2 Rd8 32. Kf1 dxc3 33. Rxd6 cxd2 34. Rxd8+ Bxd8 35. Ke2 Bf6 36. b3 Bc3 37. Kd3 b4 38. a4 a5 39. Kc4 Be5 40. g3 g6 41. fxg6 fxg6 42. Kb5 Bc7 43. Kc4 Bb6 44. Kb5 Bd8 45. Kc4 h5 46. Kd3 Bg5 47. h4 Bd8 48. Kxd2 Kh7 49. Kd3 Kg7 50. Ke4 Bc7 51. g4 Kh6 52. gxh5 gxh5 53. Kf5 Bd8 54. Be2 Bxh4 55. Bf3 Be1 56. Be2 Bd2 57. Bf3 Be3 58. Be2 Bf2 59. Bf3 h4 60. Kg4 Kg6 1/2-1/2

[Event "COL-ch (Women)"]
[Site "Bogota"]
[Date "2018.11.10"]
[Round "7"]
[White "Rodriguez Rueda, Paula Andrea"]
[Black "Rivera, Ingris"]
[Result "1-0"]
[WhiteElo "2275"]
[BlackElo "2188"]
[PlyCount "79"]
[EventDate "2018.11.06"]
[EventType "swiss"]
[EventRounds "9"]
[EventCountry "COL"]
[SourceTitle "CBM 187 Extra"]
[Source "ChessBase"]
[SourceDate "2018.11.04"]
[SourceVersion "1"]
[SourceVersionDate "2018.11.04"]
[SourceQuality "1"]

1. d4 Nf6 2. c4 g6 3. Nc3 Bg7 4. e4 d6 5. f3 0-0 6. Be3 c5 7. Nge2 Nc6 8. d5 Ne5 9. Ng3 e6 10. Be2 exd5 11. cxd5 a6 12. a4 h5 13. 0-0 Rb8 14. h3 Nh7 15. f4 Nd7 16. Rf2 Qe7 17. e5 Nxe5 18. fxe5 Bxe5 19. Nf1 f5 20. Bc4 Kh8 21. Qe2 Qg7 22. Bf4 Bd7 23. Bxe5 dxe5 24. Re1 Rfe8 25. a5 Ng5 26. Qe3 f4 27. Qxc5 Rbc8 28. Qb4 Bxh3 29. Bd3 Bf5 30. Ne4 Bxe4 31. Bxe4 Red8 32. d6 Rd7 33. Nd2 Qf7 34. b3 Qe6 35. Nc4 Re8 36. Qc3 Qf6 37. Bd5 Kg7 38. Rfe2 f3 39. Bxf3 Nxf3+ 40. Qxf3 1-0

[Event "COL-ch (Women)"]
[Site "Bogota"]
[Date "2018.11.09"]
[Round "6"]
[White "Cardona Martinez, Lina Sofia"]
[Black "Rodriguez Rueda, Paula Andrea"]
[Result "1/2-1/2"]
[WhiteElo "1845"]
[BlackElo "2275"]
[PlyCount "42"]
[EventDate "2018.11.06"]
[EventType "swiss"]
[EventRounds "9"]
[EventCountry "COL"]
[SourceTitle "CBM 187 Extra"]
[Source "ChessBase"]
[SourceDate "2018.11.04"]
[SourceVersion "1"]
[SourceVersionDate "2018.11.04"]
[SourceQuality "1"]

1. e4 c5 2. Nf3 e6 3. d4 cxd4 4. Nxd4 a6 5. Nc3 Qc7 6. g3 Nc6 7. Bg2 Bb4 8. Nxc6 bxc6 9. Qd4 Bxc3+ 10. Qxc3 f6 11. Be3 Ne7 12. Rd1 d6 13. 0-0 0-0 14. Rd2 f5 15. Rfd1 fxe4 16. Rxd6 Nd5 17. Qxc6 Qb8 18. Bxe4 Bb7 19. Qd7 Bc8 20. Qc6 Bb7 21. Qd7 Bc8 1/2-1/2

[Event "COL-ch (Women)"]
[Site "Bogota"]
[Date "2018.11.07"]
[Round "2"]
[White "Gomez Guardo, Laura Melissa"]
[Black "Rodriguez Rueda, Paula Andrea"]
[Result "0-1"]
[WhiteElo "1842"]
[BlackElo "2275"]
[PlyCount "50"]
[EventDate "2018.11.06"]
[EventType "swiss"]
[EventRounds "9"]
[EventCountry "COL"]
[SourceTitle "CBM 187 Extra"]
[Source "ChessBase"]
[SourceDate "2018.11.04"]
[SourceVersion "1"]
[SourceVersionDate "2018.11.04"]
[SourceQuality "1"]

1. d4 Nf6 2. c4 e6 3. Nc3 d5 4. Nf3 c6 5. e3 Nbd7 6. Qc2 Bd6 7. Bd3 0-0 8. 0-0 dxc4 9. Bxc4 b5 10. Bd3 Bb7 11. e4 e5 12. Ne2 a6 13. Re1 exd4 14. Nexd4 c5 15. Nf5 Be5 16. Qe2 Re8 17. Bg5 c4 18. Nxe5 cxd3 19. Nxd3 Rxe4 20. Qd2 Rg4 21. Ng3 h6 22. Be3 Qc7 23. h3 Qc6 24. f3 Rxg3 25. Qf2 Qxf3 0-1

[Event "COL-ch (Women)"]
[Site "Bogota"]
[Date "2018.11.06"]
[Round "1"]
[White "Rodriguez Rueda, Paula Andrea"]
[Black "Perez Valcarcel, Maria Jose"]
[Result "1-0"]
[WhiteElo "2275"]
[BlackElo "1621"]
[PlyCount "47"]
[EventDate "2018.11.06"]
[EventType "swiss"]
[EventRounds "9"]
[EventCountry "COL"]
[SourceTitle "CBM 187 Extra"]
[Source "ChessBase"]
[SourceDate "2018.11.04"]
[SourceVersion "1"]
[SourceVersionDate "2018.11.04"]
[SourceQuality "1"]

1. d4 Nf6 2. c4 c5 3. e3 b5 4. cxb5 a6 5. dxc5 axb5 6. Bxb5 Qa5+ 7. Nc3 Ne4 8. Nge2 e6 9. 0-0 Nxc3 10. Nxc3 Bxc5 11. a3 0-0 12. Qf3 d5 13. Qg3 Qd8 14. e4 d4 15. Na4 Bd6 16. e5 Bc7 17. Bh6 g6 18. Bxf8 Qxf8 19. Rac1 Qe7 20. Nb6 Bxb6 21. Rxc8+ Kg7 22. Qf3 Qa7 23. Qf6+ Kh6 24. Rg8 1-0

[Event "Olympiad Women-43"]
[Site "Batumi"]
[Date "2018.09.28"]
[Round "5.13"]
[White "Rodriguez Rueda, Paula Andrea"]
[Black "Cosma, Elena Luminita"]
[Result "1/2-1/2"]
[WhiteElo "2298"]
[BlackElo "2328"]
[PlyCount "183"]
[EventDate "2018.09.24"]
[EventType "team-swiss"]
[EventRounds "11"]
[EventCountry "GEO"]
[SourceTitle "EXT 2020"]
[Source "ChessBase"]
[SourceDate "2019.10.17"]
[SourceVersion "1"]
[SourceVersionDate "2019.10.17"]
[SourceQuality "1"]
[WhiteTeam "Colombia (W)"]
[BlackTeam "Romania (W)"]
[WhiteTeamCountry "COL"]
[BlackTeamCountry "ROU"]

1. d4 d5 2. c4 e6 3. Nc3 Nf6 4. Bg5 Be7 5. Nf3 h6 6. Bh4 0-0 7. e3 Ne4 8. Bxe7 Qxe7 9. Qc2 Nxc3 10. Qxc3 dxc4 11. Bxc4 b6 12. 0-0 Bb7 13. Be2 c5 14. dxc5 Rc8 15. b4 Nd7 16. Rfd1 bxc5 17. b5 a6 18. a4 axb5 19. axb5 Nb6 20. Nd2 Qg5 21. e4 c4 22. Rxa8 Bxa8 23. Qd4 Rd8 24. Qxb6 Rxd2 25. Rxd2 Qxd2 26. Bxc4 Bxe4 27. Bf1 Qd1 28. Qc7 Kh7 29. Qc4 f5 30. h3 Qb1 31. Kh2 Qb2 32. Qc5 Qb1 33. Be2 Qb2 34. Bf3 Bd5 35. Bxd5 exd5 36. f4 d4 37. Qxf5+ Kg8 38. Qe6+ Kh7 39. b6 d3 40. Qf5+ Kh8 41. Qc8+ Kh7 42. b7 d2 43. b8Q Qxb8 44. Qxb8 d1Q 45. Qe5 Qc2 46. h4 Qf2 47. Kh3 Kh8 48. f5 Kh7 49. Qe4 Kh8 50. h5 Qb2 51. Qe8+ Kh7 52. Qg6+ Kh8 53. f6 Qb3+ 54. Kh2 Qb8+ 55. Kh1 Qc7 56. Qe8+ Kh7 57. f7 Qc1+ 58. Kh2 Qf4+ 59. Kg1 Qd4+ 60. Kf1 Qc4+ 61. Ke1 Qc1+ 62. Ke2 Qc2+ 63. Kf3 Qf5+ 64. Ke3 Qc5+ 65. Ke4 Qc4+ 66. Kf5 Qf1+ 67. Ke5 Qe2+ 68. Kd6 Qd3+ 69. Kc7 Qg3+ 70. Kc8 Qc3+ 71. Kd8 Qa5+ 72. Kd7 Qd5+ 73. Kc7 Qa5+ 74. Kb7 Qb4+ 75. Ka6 Qc4+ 76. Ka5 Qc3+ 77. Kb5 Qb3+ 78. Kc5 Qc3+ 79. Kd5 Qd3+ 80. Ke5 Qe3+ 81. Kf5 Qf2+ 82. Ke6 Qe3+ 83. Kd7 Qd4+ 84. Kc8 Qc5+ 85. Kb7 Qb4+ 86. Kc6 Qc4+ 87. Kb6 Qd4+ 88. Kb5 Qd3+ 89. Kb4 Qd4+ 90. Kb5 Qd3+ 91. Kb4 Qd4+ 92. Kb5 1/2-1/2

[Event "COL pre olympic sf3"]
[Site "Dosquebradas"]
[Date "2018.06.02"]
[Round "6"]
[White "Rodriguez Rueda, Paula Andrea"]
[Black "Mateus, Martha"]
[Result "1/2-1/2"]
[WhiteElo "2309"]
[BlackElo "2159"]
[PlyCount "48"]
[EventDate "2018.05.30"]
[EventType "swiss"]
[EventRounds "10"]
[EventCountry "COL"]
[SourceTitle "CBM 184 Extra"]
[Source "ChessBase"]
[SourceDate "2018.06.28"]
[SourceVersion "1"]
[SourceVersionDate "2018.06.28"]
[SourceQuality "1"]

1. d4 d5 2. c4 e6 3. Nf3 Nf6 4. Nc3 Bb4 5. e3 0-0 6. Bd3 c5 7. 0-0 Nc6 8. a3 Bxc3 9. bxc3 dxc4 10. Bxc4 Qc7 11. Qe2 Rd8 12. Rd1 Na5 13. Ba2 Bd7 14. e4 Ba4 15. Re1 cxd4 16. cxd4 Qc2 17. Bg5 Qxe2 18. Rxe2 h6 19. Bxf6 gxf6 20. d5 Bb3 21. Bxb3 Nxb3 22. Rb1 Nc5 23. Rd1 Rd6 24. g3 Rad8 1/2-1/2

[Event "COL-ch sf (Women)"]
[Site "Palmira"]
[Date "2017.05.19"]
[Round "7"]
[White "Rodriguez Rueda, Paula Andrea"]
[Black "Perez Valcarcel, Maria Jose"]
[Result "1-0"]
[WhiteElo "2348"]
[BlackElo "1452"]
[PlyCount "55"]
[EventDate "2017.05.15"]
[EventType "swiss"]
[EventRounds "7"]
[EventCountry "COL"]
[SourceTitle "CBM 178 Extra"]
[Source "ChessBase"]
[SourceDate "2017.06.22"]
[SourceVersion "1"]
[SourceVersionDate "2017.06.22"]
[SourceQuality "1"]

1. d4 Nf6 2. Nf3 g6 3. g3 Bg7 4. Bg2 0-0 5. 0-0 d6 6. b3 Nbd7 7. Bb2 c5 8. d5 b5 9. Re1 Bb7 10. e4 Qc7 11. Na3 a6 12. c4 b4 13. Nc2 a5 14. Rb1 a4 15. e5 dxe5 16. Nxe5 axb3 17. axb3 Ra2 18. Nc6 Bxc6 19. dxc6 Nb8 20. Be5 Qc8 21. Bxb8 Qxb8 22. Rxe7 Ra7 23. Rxa7 Qxa7 24. Ne3 Qa2 25. Ra1 Qb2 26. Ra7 Qe5 27. c7 h6 28. Qd8 1-0

[Event "COL-ch (Women) final"]
[Site "La Dorada"]
[Date "2016.11.10"]
[Round "3"]
[White "Rodriguez Rueda, Paula Andrea"]
[Black "Franco Valencia, Beatriz Irene"]
[Result "1-0"]
[WhiteElo "2324"]
[BlackElo "2204"]
[PlyCount "51"]
[EventDate "2016.11.08"]
[EventType "match"]
[EventRounds "4"]
[EventCountry "COL"]
[SourceTitle "EXT 2018"]
[Source "ChessBase"]
[SourceDate "2017.10.13"]
[SourceVersion "1"]
[SourceVersionDate "2017.10.13"]
[SourceQuality "1"]

1. d4 d6 2. Nf3 Nd7 3. e4 e5 4. dxe5 dxe5 5. Bc4 Bb4+ 6. c3 Bd6 7. Bg5 Ngf6 8. 0-0 0-0 9. Nbd2 h6 10. Bh4 Nc5 11. b4 Ne6 12. Bg3 Nh5 13. Bxe5 Nef4 14. Bxf4 Nxf4 15. Re1 a5 16. e5 Be7 17. Qb3 c6 18. a3 b5 19. Bf1 Be6 20. Qc2 Bd5 21. Nd4 c5 22. bxc5 Bxc5 23. Ne4 Rc8 24. Qd2 Qh4 25. Nf5 Qg4 26. Nxh6+ 1-0

[Event "COL-ch (Women) final"]
[Site "La Dorada"]
[Date "2016.11.09"]
[Round "2"]
[White "Franco Valencia, Beatriz Irene"]
[Black "Rodriguez Rueda, Paula Andrea"]
[Result "0-1"]
[WhiteElo "2204"]
[BlackElo "2324"]
[PlyCount "140"]
[EventDate "2016.11.08"]
[EventType "match"]
[EventRounds "4"]
[EventCountry "COL"]
[SourceTitle "EXT 2018"]
[Source "ChessBase"]
[SourceDate "2017.10.13"]
[SourceVersion "1"]
[SourceVersionDate "2017.10.13"]
[SourceQuality "1"]

1. d4 Nf6 2. c4 e6 3. Nf3 b6 4. a3 Bb7 5. e3 Be7 6. Bd3 0-0 7. Nc3 d5 8. b3 c5 9. Bb2 cxd4 10. exd4 Nbd7 11. Qe2 Re8 12. 0-0 Rc8 13. Rac1 Nf8 14. Ne5 Ng6 15. Qe3 Bd6 16. f4 Nh4 17. Rc2 Nf5 18. Bxf5 exf5 19. Nb5 Bb8 20. a4 Ne4 21. Qh3 f6 22. Nd3 Qd7 23. Rfc1 Bc6 24. c5 Bxb5 25. axb5 Qxb5 26. b4 a5 27. bxa5 bxa5 28. Bc3 Nxc3 29. Rxc3 Qa4 30. Qxf5 Qxd4+ 31. Kh1 g6 32. Qg4 Rc6 33. h3 f5 34. Qd1 Rce6 35. c6 Bc7 36. Qg1 Qxg1+ 37. Kxg1 Re3 38. Ne5 Bxe5 39. fxe5 R3xe5 40. c7 Rc8 41. Rb1 Kf7 42. Rb8 Ree8 43. Rb5 d4 44. Rc4 d3 45. Rd4 Rxc7 46. Rxd3 a4 47. Ra3 Re4 48. Ra5 Rc1+ 49. Kf2 Rc2+ 50. Kf3 Ree2 51. Ra7+ Kf6 52. R3xa4 Rf2+ 53. Ke3 Rxg2 54. Rxh7 Rc3+ 55. Kd4 Rc6 56. Kd5 Re6 57. Raa7 Rd2+ 58. Kc5 f4 59. Raf7+ Ke5 60. Rf8 Rc2+ 61. Kb5 Ke4 62. Rhf7 Re5+ 63. Kb4 Rf5 64. Re7+ Kf3 65. Rd8 Kf2 66. Kb3 Rc6 67. h4 f3 68. h5 Rxh5 69. Rd2+ Kg3 70. Rd3 Rf5 0-1

[Event "COL-ch (Women) final"]
[Site "La Dorada"]
[Date "2016.11.08"]
[Round "1"]
[White "Rodriguez Rueda, Paula Andrea"]
[Black "Franco Valencia, Beatriz Irene"]
[Result "1/2-1/2"]
[WhiteElo "2324"]
[BlackElo "2204"]
[PlyCount "58"]
[EventDate "2016.11.08"]
[EventType "match"]
[EventRounds "4"]
[EventCountry "COL"]
[SourceTitle "EXT 2018"]
[Source "ChessBase"]
[SourceDate "2017.10.13"]
[SourceVersion "1"]
[SourceVersionDate "2017.10.13"]
[SourceQuality "1"]

1. d4 d6 2. Nf3 Nf6 3. c4 Bf5 4. Nc3 h6 5. e3 c6 6. Bd3 Bxd3 7. Qxd3 d5 8. cxd5 cxd5 9. Ne5 a6 10. f4 Nc6 11. Nxc6 bxc6 12. f5 Qd6 13. 0-0 e5 14. Bd2 Be7 15. Be1 exd4 16. exd4 0-0 17. a3 c5 18. dxc5 Qxc5+ 19. Bf2 Qc6 20. Bd4 Rfd8 21. Kh1 Rd7 22. Rac1 Qb7 23. Na4 Rc7 24. Rxc7 Qxc7 25. Nb6 Rd8 26. Bxf6 Bxf6 27. Nxd5 Qc6 28. Nxf6+ Qxf6 29. Qc2 Qg5 1/2-1/2

[Event "COL sub zt 2.3.4 (Women)"]
[Site "La Dorada"]
[Date "2016.11.07"]
[Round "9"]
[White "Rivera, Ingris"]
[Black "Rodriguez Rueda, Paula Andrea"]
[Result "1/2-1/2"]
[WhiteElo "2215"]
[BlackElo "2324"]
[PlyCount "54"]
[EventDate "2016.11.02"]
[EventType "swiss"]
[EventRounds "9"]
[EventCountry "COL"]
[SourceTitle "CBM 175 Extra"]
[Source "ChessBase"]
[SourceDate "2016.12.12"]
[SourceVersion "1"]
[SourceVersionDate "2016.12.12"]
[SourceQuality "1"]

1. d4 Nf6 2. Nf3 d5 3. g3 Bf5 4. Bg2 c6 5. 0-0 e6 6. Nh4 Bg4 7. b3 Be7 8. Bb2 0-0 9. c4 Nbd7 10. Nc3 Rc8 11. h3 Bh5 12. Nf3 Bg6 13. Ne5 Nxe5 14. dxe5 Nd7 15. cxd5 cxd5 16. Rc1 Qa5 17. a3 Rfe8 18. b4 Qb6 19. e4 Nxe5 20. Nxd5 exd5 21. Rxc8 Rxc8 22. Bxe5 dxe4 23. Bxe4 Rd8 24. Qg4 Qb5 25. Bxg6 Qxe5 26. Qe4 Qxe4 27. Bxe4 Rd7 1/2-1/2

[Event "COL sub zt 2.3.4 (Women)"]
[Site "La Dorada"]
[Date "2016.11.03"]
[Round "2"]
[White "Diaz, Luisa Fernanda"]
[Black "Rodriguez Rueda, Paula Andrea"]
[Result "0-1"]
[WhiteElo "1852"]
[BlackElo "2324"]
[PlyCount "99"]
[EventDate "2016.11.02"]
[EventType "swiss"]
[EventRounds "9"]
[EventCountry "COL"]
[SourceTitle "CBM 175 Extra"]
[Source "ChessBase"]
[SourceDate "2016.12.12"]
[SourceVersion "1"]
[SourceVersionDate "2016.12.12"]
[SourceQuality "1"]

1. e4 c5 2. Nf3 d6 3. Bb5+ Bd7 4. Bxd7+ Qxd7 5. c4 Nc6 6. 0-0 g6 7. d4 cxd4 8. Nxd4 Bg7 9. Be3 Nf6 10. Nc3 0-0 11. Rc1 Rac8 12. b3 Rfd8 13. Nxc6 bxc6 14. f3 Qb7 15. Qe2 Rd7 16. Rfd1 Rcd8 17. c5 d5 18. exd5 Nxd5 19. Nxd5 Rxd5 20. Rxd5 Rxd5 21. Rd1 Qd7 22. Rxd5 Qxd5 23. Kf2 f5 24. Qd2 Qxd2+ 25. Bxd2 Kf7 26. Ke3 Ke6 27. Kd3 Kd5 28. f4 Bd4 29. b4 a6 30. a4 h6 31. h3 Bf2 32. Bc3 Bg3 33. Bd2 Bh4 34. Be3 Be1 35. Bd2 Bxd2 36. Kxd2 Kc4 37. b5 axb5 38. a5 Kxc5 39. Kc3 b4+ 40. Kb3 Kb5 41. a6 Kxa6 42. Kxb4 Kb6 43. Kc4 c5 44. g3 Kc6 45. h4 h5 46. Kc3 Kd5 47. Kd3 c4+ 48. Kc3 Kc5 49. Kc2 Kd4 50. Kd2 0-1